000
00214nam a2200085Ia 4500
245
0
_a
Moto X
100
_a
HUDAK, Heather C. New York, 2009
_9
81549
942
_c
BK
008
210819s9999 xx 000 0 und d
999
_c
290969
_d
290968